000
00324nam a2200109Ia 4500
008
200302s9999 xx 000 0 und d
100
_a
John Ormsbee & Others
245
_a
Landscape Architecture A Manual of Environmental Planning and Design 4th ed.,
260
_b
Mcgraw-Hill Book Company
260
_c
2006
300
_a
396 P.,
999
_c
2868
_d
2868